Sistema razdelenija vremeni JES EVM spravočnoje posobije

Enregistré dans:
Détails bibliographiques
Format: Livre
Langue:russe
Publié: Moskva Finansy i statistika 1982
Tags: Ajouter un tag
Pas de tags, Soyez le premier à ajouter un tag!

MARC

LEADER 00000nam a2200000 4500
001 c132113
005 20260128071221.6
041 0 |a rus 
044 |a RU 
245 1 0 |a Sistema razdelenija vremeni JES EVM  |b spravočnoje posobije  |c Red. E.V. Kovalevič 
264 1 |a Moskva  |b Finansy i statistika  |c 1982 
300 |a 238 s.